Welcome to CU Library Online Public Access Catalogue (OPAC)

Applications in Human Resource Management (Record no. 9176)

MARC details
000 -LEADER
fixed length control field 00607nam a22001817a 4500
005 - DATE AND TIME OF LATEST TRANSACTION
control field 20260325202350.0
008 - FIXED-LENGTH DATA ELEMENTS--GENERAL INFORMATION
fixed length control field 260325b |||||||| |||| 00| 0 eng d
020 ## - INTERNATIONAL STANDARD BOOK NUMBER
International Standard Book Number 9780324007114
050 ## - LIBRARY OF CONGRESS CALL NUMBER
Classification number HF5549
Item number .N56
100 ## - MAIN ENTRY--PERSONAL NAME
Personal name Nkomo, Stella M.
245 ## - TITLE STATEMENT
Title Applications in Human Resource Management
Remainder of title cases, exercises, & skill builders
Statement of responsibility, etc. Stella M. Nkomo, Myron D. Fottler & R. Bruce McAfee
250 ## - EDITION STATEMENT
Edition statement 4th ed.
260 ## - PUBLICATION, DISTRIBUTION, ETC.
Place of publication, distribution, etc. Cincinnati
Name of publisher, distributor, etc. South-Western College Publishing
Date of publication, distribution, etc. 2000
300 ## - PHYSICAL DESCRIPTION
Extent xvi. 310p.
Other physical details ill.
Dimensions 23cm
700 ## - ADDED ENTRY--PERSONAL NAME
Personal name Fottler, Myron D.
700 ## - ADDED ENTRY--PERSONAL NAME
Personal name McAfee, R. Bruce
942 ## - ADDED ENTRY ELEMENTS (KOHA)
Source of classification or shelving scheme Library of Congress Classification
Koha item type Books
Edition 4th ed.
Suppress in OPAC No
999 ## -
-- 9176
-- 9176
Holdings
Withdrawn status Lost status Source of classification or shelving scheme Damaged status Not for loan Collection Home library Current library Shelving location Date acquired Total checkouts Full call number Barcode Date last seen Copy number Price effective from Koha item type
    Library of Congress Classification     Non-fiction Business Library (Miotso) Business Library (Miotso) General stacks 03/25/2026   HF5549 .N56 NKO BSSM00003051 03/25/2026 1 03/25/2026 Books
© 2023-2024 Copyright: Central University Libraries. All Rights Reserved | Created by: Mahone Tech Office